000 00587nam a2200241 a 4500
001 nice12345678
003 IN_TiNIC
005 20260116011755.0
008 050524s1979 dela grp 000 0 eng
020 _a
_c100
082 0 0 _a297.63
_bPOO
100 _aPoole, S Lane
245 _aSpeeches and Table Talk of the Prophet Mohammad
260 _aDelhi
_bKitab Bhavan
_c1979
300 _a190p
500 _aincludes index and biblioraphy
505 2 _a3 parts
650 _aMuhammad, Prophet
700 1 _aPoole, S Lane
902 _bSRS
942 _cBK
999 _c3866
_d3866